[Event "Prague Mencik Memorial 6th"]
[Site "Prague"]
[Date "2023.09.24"]
[Round "9"]
[White "Holub, Adam"]
[Black "Vrabec, Milos"]
[Result "1-0"]
[WhiteElo "1817"]
[BlackElo "2190"]
[PlyCount "47"]
[EventDate "2023.09.24"]
[EventType "swiss"]
[EventRounds "9"]
[EventCountry "CZE"]
[SourceTitle "EXT 2024"]
[Source "ChessBase"]
[SourceDate "2023.10.10"]
[SourceVersion "1"]
[SourceVersionDate "2023.10.10"]
[SourceQuality "1"]

1. e4 c5 2. Nc3 Nc6 3. Nf3 d6 4. d4 cxd4 5. Nxd4 Nf6 6. Bc4 e6 7. Bb3 a6 8. Be3 Bd7 9. f3 Be7 10. g4 Nxd4 11. Qxd4 Bc6 12. 0-0-0 0-0 13. h4 Qa5 14. h5 Nd7 15. Bd2 Qe5 16. Qf2 Nc5 17. Kb1 Nxb3 18. axb3 Qc5 19. Be3 Qb4 20. g5 e5 21. Rhg1 g6 22. Nd5 Bxd5 23. Rxd5 Rfc8 24. Bd2 1-0

[Event "Skalica op-A"]
[Site "Skalica"]
[Date "2023.08.26"]
[Round "8"]
[White "Staresina, Alan"]
[Black "Holub, Adam"]
[Result "1-0"]
[WhiteElo "2148"]
[BlackElo "1913"]
[PlyCount "167"]
[EventDate "2023.08.19"]
[EventType "swiss"]
[EventRounds "9"]
[EventCountry "SVK"]
[SourceTitle "CBM 215 Extra"]
[Source "ChessBase"]
[SourceDate "2023.09.30"]
[SourceVersion "1"]
[SourceVersionDate "2023.09.30"]
[SourceQuality "1"]

1. d4 d5 2. c4 e6 3. Nc3 a6 4. e3 Nf6 5. Nf3 Be7 6. Bd3 dxc4 7. Bxc4 b5 8. Bb3 Bb7 9. 0-0 0-0 10. Qe2 c5 11. Rd1 Nbd7 12. Bc2 Qc7 13. e4 cxd4 14. Nxd4 Rac8 15. a3 Rfd8 16. Bg5 h6 17. Bh4 Nb6 18. Rac1 Qc4 19. Qe3 Ng4 20. Qg3 Bxh4 21. Qxh4 Rxd4 22. Qxg4 Nd5 23. Rxd4 Qxd4 24. Rd1 Qc4 25. Bd3 Nf6 26. Qe2 Qb3 27. Bb1 Qc4 28. Qxc4 Rxc4 29. Rd8+ Kh7 30. Bd3 Rxc3 31. bxc3 Bxe4 32. f3 Bxd3 33. Rxd3 Nd5 34. Kf2 Kg6 35. g3 Kf6 36. Ke2 Ke5 37. Kd2 Kd6 38. Kc2 Kc5 39. Kb3 a5 40. Rd4 a4+ 41. Kc2 Ne3+ 42. Kd3 Nc4 43. f4 Nd6 44. Kc2 f6 45. Kd3 h5 46. Kc2 g6 47. Kb2 Nc4+ 48. Ka2 Nd6 49. Rd3 Ne4 50. Rd8 h4 51. gxh4 Nxc3+ 52. Kb2 Ne2 53. Rg8 Nxf4 54. Kc3 e5 55. Rc8+ Kd5 56. Rb8 Kc5 57. Rc8+ Kd5 58. Rb8 Ne2+ 59. Kd2 Nd4 60. Rg8 Nf3+ 61. Kc3 Nxh4 62. Rb8 Kc5 63. Rc8+ Kd5 64. Rb8 Nf3 65. Rxb5+ Kc6 66. Ra5 Kb6 67. Rxa4 Nxh2 68. Ra8 Ng4 69. Rg8 g5 70. Kc4 e4 71. Rb8+ Kc7 72. Rb1 f5 73. Kd4 e3 74. a4 f4 75. a5 e2 76. Kd3 f3 77. a6 Nf2+ 78. Kd2 Ne4+ 79. Ke3 f2 80. Rb7+ Kc8 81. Kxe2 Nc5 82. Rb6 Nd7 83. Rb4 g4 84. a7 1-0

[Event "Skalica op-A"]
[Site "Skalica"]
[Date "2023.08.25"]
[Round "7"]
[White "Tesar, Jakub"]
[Black "Holub, Adam"]
[Result "1/2-1/2"]
[WhiteElo "1991"]
[BlackElo "1913"]
[PlyCount "67"]
[EventDate "2023.08.19"]
[EventType "swiss"]
[EventRounds "9"]
[EventCountry "SVK"]
[SourceTitle "CBM 215 Extra"]
[Source "ChessBase"]
[SourceDate "2023.09.30"]
[SourceVersion "1"]
[SourceVersionDate "2023.09.30"]
[SourceQuality "1"]

1. d4 b6 2. e4 Bb7 3. Bd3 e6 4. Nf3 g6 5. 0-0 Bg7 6. Qe2 d6 7. d5 e5 8. a4 a5 9. Bd2 Ne7 10. c3 0-0 11. b4 h6 12. bxa5 Rxa5 13. c4 Ra8 14. Nc3 Nd7 15. Ra3 Nc5 16. Rfa1 f5 17. a5 bxa5 18. Rxa5 Rxa5 19. Rxa5 c6 20. Ra1 cxd5 21. cxd5 Kh8 22. Ne1 fxe4 23. Bxe4 Nf5 24. Nc2 Nd4 25. Qe1 Qh4 26. f3 Qf6 27. Rb1 Ba6 28. Nb4 Bc4 29. Qe3 Nf5 30. Qe1 Nd4 31. Kh1 g5 32. Qg3 Ne2 33. Nxe2 Bxe2 34. Qe1 1/2-1/2

[Event "Skalica op-A"]
[Site "Skalica"]
[Date "2023.08.23"]
[Round "5"]
[White "Priechodsky, Radovan"]
[Black "Holub, Adam"]
[Result "0-1"]
[WhiteElo "1983"]
[BlackElo "1913"]
[PlyCount "72"]
[EventDate "2023.08.19"]
[EventType "swiss"]
[EventRounds "9"]
[EventCountry "SVK"]
[SourceTitle "CBM 215 Extra"]
[Source "ChessBase"]
[SourceDate "2023.09.30"]
[SourceVersion "1"]
[SourceVersionDate "2023.09.30"]
[SourceQuality "1"]

1. c4 e5 2. e4 Nc6 3. Nc3 Nf6 4. d3 Bc5 5. g3 d6 6. Bg2 Ng4 7. Nh3 h5 8. f3 Ne3 9. Bxe3 Bxe3 10. Nd5 Bd4 11. Qd2 Ne7 12. Nc3 f6 13. Ng1 Be6 14. Nge2 Bb6 15. f4 a6 16. h3 c6 17. 0-0-0 Ba7 18. Kb1 b5 19. cxb5 axb5 20. Nc1 Qa5 21. b3 c5 22. N3e2 Qa6 23. g4 Bb6 24. g5 Nc6 25. gxf6 gxf6 26. fxe5 dxe5 27. Rhf1 Ke7 28. Nc3 Ba5 29. Qf2 Bxc3 30. Qxc5+ Kd7 31. Qxc3 Nd4 32. Rxf6 Rhc8 33. Qb4 Rxc1+ 34. Kxc1 Qxa2 35. Rf2 Rc8+ 36. Qc4 Nxb3# 0-1

[Event "Prague Golden Blitz op"]
[Site "Prague"]
[Date "2023.06.18"]
[Round "4"]
[White "Cervenka, Petr"]
[Black "Holub, Adam"]
[Result "0-1"]
[WhiteElo "1781"]
[BlackElo "2040"]
[PlyCount "72"]
[EventDate "2023.06.18"]
[EventType "swiss (blitz)"]
[EventRounds "11"]
[EventCountry "CZE"]
[SourceTitle "CBM 215 Extra"]
[Source "ChessBase"]
[SourceDate "2023.09.30"]
[SourceVersion "1"]
[SourceVersionDate "2023.09.30"]
[SourceQuality "1"]

1. e4 e5 2. d4 exd4 3. c3 Qe7 4. Bd3 d5 5. Qa4+ Nc6 6. Nd2 dxc3 7. bxc3 Nf6 8. Bb5 Bd7 9. Ne2 dxe4 10. Nc4 a6 11. Ba3 Qe6 12. Nd4 Nxd4 13. Bxd7+ Qxd7 14. Qxd7+ Nxd7 15. cxd4 Bxa3 16. Nxa3 0-0-0 17. 0-0 Nb6 18. Rfd1 Rd5 19. Rac1 Rhd8 20. Nc4 Nxc4 21. Rxc4 b5 22. Rc6 Kb7 23. Rdc1 R8d7 24. R6c3 Rxd4 25. g3 Rd1+ 26. Rxd1 Rxd1+ 27. Kg2 Rd2 28. a3 Kb6 29. g4 c5 30. Re3 Rd4 31. Kg3 Kc6 32. Kf4 Kd5 33. h4 a5 34. f3 exf3+ 35. Kxf3 b4 36. Ke2 Re4 0-1

[Event "Prague Golden Blitz op"]
[Site "Prague"]
[Date "2023.06.18"]
[Round "1"]
[White "Dubsky, Lukas"]
[Black "Holub, Adam"]
[Result "0-1"]
[WhiteElo "1442"]
[BlackElo "2040"]
[PlyCount "94"]
[EventDate "2023.06.18"]
[EventType "swiss (blitz)"]
[EventRounds "11"]
[EventCountry "CZE"]
[SourceTitle "CBM 215 Extra"]
[Source "ChessBase"]
[SourceDate "2023.09.30"]
[SourceVersion "1"]
[SourceVersionDate "2023.09.30"]
[SourceQuality "1"]

1. e4 e5 2. Nf3 Nc6 3. Bc4 Bc5 4. d3 Nf6 5. 0-0 h6 6. Be3 Bb6 7. Nc3 0-0 8. d4 exd4 9. Nxd4 Re8 10. f3 Qe7 11. Qd2 Qb4 12. b3 d5 13. a3 Qe7 14. Bxd5 Qc5 15. Nxc6 Qxe3+ 16. Qxe3 Bxe3+ 17. Kh1 Nxd5 18. Nxd5 Bg5 19. Nd4 Bd8 20. Rad1 c6 21. Ne3 Bc7 22. Rd2 Bf4 23. Re1 f5 24. Rde2 fxe4 25. fxe4 Rxe4 26. Ndf5 Bxf5 27. Nxf5 Rxe2 28. Rxe2 Rd8 29. Ne7+ Kf7 30. g3 Rd1+ 31. Kg2 Bd6 32. Nf5 Bxa3 33. Rf2 Kg8 34. Ne7+ Bxe7 35. Re2 Bf6 36. h4 Kf7 37. Kh3 Rd5 38. Rf2 a5 39. Kg2 a4 40. bxa4 Ra5 41. g4 Rxa4 42. g5 hxg5 43. hxg5 Rg4+ 44. Kf1 Rxg5 45. Ke1 Re5+ 46. Kd1 Ke6 47. Rd2 g5 0-1

[Event "Prague Golden Rapid op"]
[Site "Prague"]
[Date "2023.06.17"]
[Round "2"]
[White "Burdalev, Kirill"]
[Black "Holub, Adam"]
[Result "1-0"]
[WhiteElo "2324"]
[BlackElo "1814"]
[PlyCount "71"]
[EventDate "2023.06.17"]
[EventType "swiss (rapid)"]
[EventRounds "9"]
[EventCountry "CZE"]
[SourceTitle "CBM 215 Extra"]
[Source "ChessBase"]
[SourceDate "2023.09.30"]
[SourceVersion "1"]
[SourceVersionDate "2023.09.30"]
[SourceQuality "1"]

1. d4 d5 2. c4 e6 3. Nf3 a6 4. Bg5 Be7 5. Bxe7 Qxe7 6. Nbd2 Nf6 7. g3 0-0 8. Bg2 dxc4 9. Nxc4 Qb4+ 10. Nfd2 Rd8 11. e3 Qe7 12. 0-0 c5 13. Nb6 Ra7 14. Rc1 Nbd7 15. dxc5 Ne5 16. b4 Bd7 17. Nxd7 Rxd7 18. Qe2 Ra8 19. Nc4 Nxc4 20. Qxc4 Rad8 21. a4 e5 22. c6 bxc6 23. Bxc6 Rc7 24. b5 axb5 25. axb5 Rdc8 26. Rfd1 g6 27. Qa4 Ra7 28. Qb3 Nd7 29. b6 Nxb6 30. Qxb6 Rac7 31. Rc2 Kg7 32. Rdc1 Qa3 33. Qc5 Qa6 34. Qxe5+ f6 35. Qe4 h5 36. Be8 1-0

[Event "Prague Golden Rapid op"]
[Site "Prague"]
[Date "2023.06.17"]
[Round "8"]
[White "Rakusan, Dan"]
[Black "Holub, Adam"]
[Result "1-0"]
[WhiteElo "1974"]
[BlackElo "1814"]
[PlyCount "91"]
[EventDate "2023.06.17"]
[EventType "swiss (rapid)"]
[EventRounds "9"]
[EventCountry "CZE"]
[SourceTitle "CBM 215 Extra"]
[Source "ChessBase"]
[SourceDate "2023.09.30"]
[SourceVersion "1"]
[SourceVersionDate "2023.09.30"]
[SourceQuality "1"]

1. d4 d5 2. Bf4 e6 3. Nf3 Bd6 4. Bg3 Nf6 5. e3 b6 6. Bd3 Ba6 7. Bxa6 Nxa6 8. Qe2 Nb8 9. Nbd2 h6 10. e4 Bxg3 11. hxg3 dxe4 12. Nxe4 Nbd7 13. 0-0-0 0-0 14. Ne5 Nxe4 15. Qxe4 Nf6 16. Qf3 Qd5 17. Qxd5 exd5 18. f3 Rfe8 19. g4 c5 20. c3 Rac8 21. Kb1 Nh7 22. Rhe1 cxd4 23. cxd4 Nf8 24. Rc1 f6 25. Nd3 Rxc1+ 26. Rxc1 Ne6 27. Nb4 Rd8 28. Nc6 Rd7 29. b4 Nf4 30. Rc2 Kf8 31. b5 g5 32. a4 Kf7 33. g3 Ne6 34. Re2 Ng7 35. Kb2 h5 36. gxh5 Nxh5 37. Rg2 Kg6 38. Kc3 f5 39. Kd3 Kf6 40. Ne5 Rc7 41. Nc6 f4 42. g4 Ng7 43. Re2 Ne6 44. Re5 Rd7 45. Rf5+ Kg6 46. Ne5+ 1-0

[Event "Prague Golden Rapid op"]
[Site "Prague"]
[Date "2023.06.17"]
[Round "6"]
[White "Schmid, Jaroslav"]
[Black "Holub, Adam"]
[Result "1/2-1/2"]
[WhiteElo "1995"]
[BlackElo "1814"]
[PlyCount "83"]
[EventDate "2023.06.17"]
[EventType "swiss (rapid)"]
[EventRounds "9"]
[EventCountry "CZE"]
[SourceTitle "CBM 215 Extra"]
[Source "ChessBase"]
[SourceDate "2023.09.30"]
[SourceVersion "1"]
[SourceVersionDate "2023.09.30"]
[SourceQuality "1"]

1. e4 e5 2. Nf3 Nc6 3. Bb5 a6 4. Ba4 Nf6 5. d3 b5 6. Bb3 Be7 7. 0-0 0-0 8. c3 d6 9. h3 Na5 10. Bc2 c5 11. Re1 Qc7 12. Nbd2 Re8 13. Nf1 g6 14. Bg5 c4 15. Ne3 cxd3 16. Qxd3 Bb7 17. Bxf6 Bxf6 18. Nd5 Bxd5 19. Qxd5 Nc4 20. Rab1 Rad8 21. Red1 Kg7 22. Bb3 Nb6 23. Qd3 d5 24. Qe2 Qc5 25. exd5 e4 26. Nh2 Nxd5 27. Bxd5 Rxd5 28. Ng4 Bg5 29. Rxd5 Qxd5 30. b3 Rd8 31. Ne3 Qc5 32. Nf1 f5 33. a4 Rd3 34. axb5 axb5 35. c4 bxc4 36. bxc4 Rd7 37. Rb5 Qa3 38. Qc2 Qa1 39. Rb1 Qa3 40. Rb3 Qa1 41. Rb1 Qa3 42. Rb3 1/2-1/2

[Event "CZE-chT2A 2223"]
[Site "Czech Republic"]
[Date "2022.12.18"]
[Round "5.6"]
[White "Mares, Vladimir"]
[Black "Holub, Adam"]
[Result "0-1"]
[WhiteElo "1966"]
[BlackElo "1914"]
[PlyCount "104"]
[EventDate "2022.10.16"]
[EventType "team-tourn"]
[EventRounds "11"]
[EventCountry "CZE"]
[SourceTitle "EXT 2024"]
[Source "ChessBase"]
[SourceDate "2023.10.10"]
[SourceVersion "1"]
[SourceVersionDate "2023.10.10"]
[SourceQuality "1"]
[WhiteTeam "Pribram"]
[BlackTeam "Unichess"]
[WhiteTeamCountry "CZE"]
[BlackTeamCountry "CZE"]

1. Nf3 d5 2. d4 e6 3. c4 Nf6 4. Nc3 c6 5. e3 Be7 6. Bd3 dxc4 7. Bxc4 b5 8. Bd3 Bb7 9. 0-0 Nbd7 10. b3 a6 11. Bb2 c5 12. Rc1 0-0 13. Bb1 Rc8 14. Qe2 Qb6 15. Rfd1 Rfd8 16. h3 cxd4 17. exd4 Nd5 18. Ne4 N7f6 19. Ne5 Nxe4 20. Bxe4 Nf6 21. Bf3 g6 22. Rd3 Rxc1+ 23. Bxc1 Rc8 24. Bg5 Nd5 25. Bxd5 Bxg5 26. Be4 Rc1+ 27. Kh2 Bf4+ 28. g3 Bxe5 29. dxe5 Bxe4 30. Qxe4 Qxf2+ 31. Qg2 Qxg2+ 32. Kxg2 Rc2+ 33. Kf3 Rxa2 34. Ke4 a5 35. Kd4 a4 36. bxa4 bxa4 37. h4 h5 38. Re3 Ra1 39. Kc4 Kg7 40. Kb4 Kf8 41. Kc4 Ke7 42. Kb4 f6 43. Kc4 fxe5 44. Rxe5 Kf6 45. Re3 e5 46. Rf3+ Ke6 47. Re3 Rd1 48. Kb4 Rd4+ 49. Kc5 Rd8 50. Ra3 Ra8 51. Kc6 Rc8+ 52. Kb5 Rb8+ 0-1

[Event "CZE-chT2A 2223"]
[Site "Czech Republic"]
[Date "2022.10.16"]
[Round "1.4"]
[White "Svejda, Karel"]
[Black "Holub, Adam"]
[Result "1/2-1/2"]
[WhiteElo "1754"]
[BlackElo "1914"]
[PlyCount "88"]
[EventDate "2022.10.16"]
[EventType "team-tourn"]
[EventRounds "11"]
[EventCountry "CZE"]
[SourceTitle "EXT 2024"]
[Source "ChessBase"]
[SourceDate "2023.10.10"]
[SourceVersion "1"]
[SourceVersionDate "2023.10.10"]
[SourceQuality "1"]
[WhiteTeam "Budejovice II"]
[BlackTeam "Unichess"]
[WhiteTeamCountry "CZE"]
[BlackTeamCountry "CZE"]

1. d4 Nf6 2. Nf3 g6 3. Bg5 Ne4 4. Bh4 Bg7 5. Nbd2 d5 6. c3 Nxd2 7. Qxd2 0-0 8. e3 Nd7 9. Be2 c6 10. 0-0 Re8 11. Rfe1 Qb6 12. a4 a5 13. Bg3 Nf6 14. Bf4 Ne4 15. Qc2 f6 16. h3 e5 17. Bh2 Nd6 18. g4 Nf7 19. Nd2 e4 20. f4 exf3 21. Bxf3 Ng5 22. Bg2 f5 23. h4 Ne4 24. Nxe4 fxe4 25. Bh3 Qd8 26. Bg3 Bf6 27. Qf2 Rf8 28. Rf1 Be7 29. Qh2 Be6 30. g5 Qd7 31. Bxe6+ Qxe6 32. Be5 Rxf1+ 33. Rxf1 b5 34. axb5 cxb5 35. Qg3 a4 36. Bf4 a3 37. bxa3 Rxa3 38. Rb1 Qd7 39. Rc1 Ra2 40. Be5 Qc6 41. Bf4 Qc8 42. Bc7 Qe6 43. Bf4 Qc8 44. Bc7 Qe6 1/2-1/2

[Event "Ceske Budejovice op-A"]
[Site "Ceske Budejovice"]
[Date "2022.07.07"]
[Round "7"]
[White "Chval, Zdenek1111"]
[Black "Holub, Adam"]
[Result "0-1"]
[WhiteElo "1958"]
[BlackElo "1817"]
[PlyCount "68"]
[EventDate "2022.07.01"]
[EventType "swiss"]
[EventRounds "9"]
[EventCountry "CZE"]
[SourceTitle "CBM 209 Extra"]
[Source "ChessBase"]
[SourceDate "2022.09.30"]
[SourceVersion "1"]
[SourceVersionDate "2022.09.30"]
[SourceQuality "1"]

1. e4 e5 2. Nf3 Nc6 3. Bc4 Bc5 4. 0-0 Nf6 5. d3 h6 6. c3 d6 7. b4 Bb6 8. a4 a5 9. b5 Nb8 10. Re1 Bg4 11. Nbd2 Nbd7 12. Ba2 0-0 13. h3 Bh5 14. Nf1 Re8 15. g4 Bg6 16. Be3 Nc5 17. Bxc5 Bxc5 18. Qb3 Qd7 19. Ne3 h5 20. Nh4 Kh7 21. Nhf5 c6 22. Qd1 d5 23. Qf3 dxe4 24. dxe4 Qd3 25. Ng3 h4 26. Nh5 Bxh5 27. gxh5 Kg8 28. h6 Qxe4 29. Qxe4 Nxe4 30. hxg7 Nxc3 31. bxc6 bxc6 32. Ng4 Kxg7 33. Rxe5 Rxe5 34. Nxe5 Bd4 0-1

[Event "Ceske Budejovice op-A"]
[Site "Ceske Budejovice"]
[Date "2022.07.03"]
[Round "3"]
[White "Holub, Adam"]
[Black "Hrbek, Jachym"]
[Result "0-1"]
[WhiteElo "1817"]
[BlackElo "1695"]
[PlyCount "63"]
[EventDate "2022.07.01"]
[EventType "swiss"]
[EventRounds "9"]
[EventCountry "CZE"]
[SourceTitle "CBM 209 Extra"]
[Source "ChessBase"]
[SourceDate "2022.09.30"]
[SourceVersion "1"]
[SourceVersionDate "2022.09.30"]
[SourceQuality "1"]

1. e4 e5 2. Nf3 Nf6 3. Nxe5 d6 4. Nf3 Nxe4 5. Nc3 Nxc3 6. dxc3 Be7 7. Be3 Nc6 8. Qd2 Bf5 9. 0-0-0 a6 10. h3 Qd7 11. Nd4 Be4 12. f3 Bg6 13. h4 h6 14. Bc4 Ne5 15. Bb3 c5 16. h5 Bh7 17. f4 c4 18. fxe5 cxb3 19. Nxb3 0-0-0 20. Qd4 Qf5 21. Qc4+ Kb8 22. Nd4 Qe4 23. Rhe1 dxe5 24. Qxf7 Rxd4 25. Rd3 Rxd3 26. cxd3 Qxd3 27. Qb3 Qb1+ 28. Kd2 Rd8+ 29. Bd4 Qd3+ 30. Kc1 Bg5+ 31. Re3 Bxe3+ 32. Bxe3 0-1

[Event "CZE-ch Betsys Online Blitz"]
[Site "Chess.com INT"]
[Date "2021.04.17"]
[Round "5"]
[White "Holub, Adam"]
[Black "Holy, Filip"]
[Result "0-1"]
[WhiteElo "1754"]
[BlackElo "2044"]
[PlyCount "82"]
[EventDate "2021.04.17"]
[EventType "swiss (blitz)"]
[EventRounds "13"]
[EventCountry "CZE"]
[SourceTitle "CBM 201 Extra"]
[Source "ChessBase"]
[SourceDate "2021.05.31"]
[SourceVersion "1"]
[SourceVersionDate "2021.05.31"]
[SourceQuality "1"]

1. c4 c6 2. g3 d5 3. cxd5 cxd5 4. Bg2 Nf6 5. d4 Nc6 6. Nc3 a6 7. Nf3 Bf5 8. a3 h6 9. 0-0 e6 10. Bf4 Bd6 11. Bxd6 Qxd6 12. Rc1 0-0 13. h3 Bh7 14. e3 Rac8 15. Na4 Nd7 16. b4 Rc7 17. Nc5 Rfc8 18. Nd2 Nxc5 19. bxc5 Qe7 20. Nb3 Rd8 21. Qd2 e5 22. Rfe1 Bg6 23. Na5 Nxa5 24. Qxa5 Bf5 25. Kh2 h5 26. Bf3 g6 27. Qc3 e4 28. Bg2 Qe6 29. Bf1 Rdc8 30. Qa5 Rc6 31. Rb1 R8c7 32. Rb2 Qf6 33. Reb1 h4 34. g4 Bc8 35. Rb6 Qxf2+ 36. Kh1 Qf6 37. Rxc6 Qxc6 38. Rb6 Qd7 39. Rd6 Qe7 40. Qb6 Be6 41. Rxe6 fxe6 0-1

[Event "CZE-ch Betsys Online Blitz"]
[Site "Chess.com INT"]
[Date "2021.04.17"]
[Round "6"]
[White "Holub, Adam"]
[Black "Marcikan, Tomas"]
[Result "0-1"]
[WhiteElo "1754"]
[BlackElo "1724"]
[PlyCount "48"]
[EventDate "2021.04.17"]
[EventType "swiss (blitz)"]
[EventRounds "13"]
[EventCountry "CZE"]
[SourceTitle "CBM 201 Extra"]
[Source "ChessBase"]
[SourceDate "2021.05.31"]
[SourceVersion "1"]
[SourceVersionDate "2021.05.31"]
[SourceQuality "1"]

1. c4 Nf6 2. Nc3 c6 3. g3 e6 4. Bg2 Bb4 5. e3 0-0 6. d4 d5 7. cxd5 Nxd5 8. Bd2 Qa5 9. Qc2 Na6 10. Nge2 Bxc3 11. bxc3 Qd8 12. Rb1 Rb8 13. a3 Nac7 14. e4 Nf6 15. 0-0 h6 16. h3 Nb5 17. e5 Nd5 18. c4 Nxa3 19. Qa2 Nxb1 20. Rxb1 Ne7 21. d5 cxd5 22. cxd5 exd5 23. Nd4 Nf5 24. Nxf5 Bxf5 0-1

[Event "CZE-ch Betsys Online Blitz"]
[Site "Chess.com INT"]
[Date "2021.04.17"]
[Round "7"]
[White "Loucky, Tomas"]
[Black "Holub, Adam"]
[Result "0-1"]
[WhiteElo "1305"]
[BlackElo "1754"]
[PlyCount "72"]
[EventDate "2021.04.17"]
[EventType "swiss (blitz)"]
[EventRounds "13"]
[EventCountry "CZE"]
[SourceTitle "CBM 201 Extra"]
[Source "ChessBase"]
[SourceDate "2021.05.31"]
[SourceVersion "1"]
[SourceVersionDate "2021.05.31"]
[SourceQuality "1"]

1. e4 c6 2. d4 d5 3. Nc3 dxe4 4. Nxe4 Bf5 5. Ng3 Bg6 6. Bc4 e6 7. Nf3 Nd7 8. 0-0 Ngf6 9. Re1 Be7 10. c3 0-0 11. Bg5 h6 12. Bh4 b5 13. Bd3 Bxd3 14. Qxd3 Nb6 15. Rad1 Rc8 16. b3 Nfd5 17. Bxe7 Qxe7 18. Ne5 Rfd8 19. Re4 Nf6 20. Rf4 Nbd5 21. Rf3 Qa3 22. Ne4 Qxa2 23. Nxf6+ Nxf6 24. g4 Rc7 25. h4 Qxb3 26. g5 hxg5 27. hxg5 Nd5 28. Rh3 Qxc3 29. Qh7+ Kf8 30. Rxc3 Nxc3 31. Rc1 Rxd4 32. Qh8+ Ke7 33. Qxg7 Rcd7 34. Qxf7+ Kd6 35. Ng6 Rd1+ 36. Rxd1+ Nxd1 0-1

[Event "Ricany op"]
[Site "Ricany"]
[Date "2020.08.29"]
[Round "9"]
[White "Holub, Adam"]
[Black "Vavrinec, Tomas"]
[Result "1-0"]
[WhiteElo "1746"]
[BlackElo "1927"]
[PlyCount "69"]
[EventDate "2020.08.22"]
[EventType "swiss"]
[EventRounds "9"]
[EventCountry "CZE"]
[SourceTitle "CBM 198 Extra"]
[Source "ChessBase"]
[SourceDate "2020.11.30"]
[SourceVersion "1"]
[SourceVersionDate "2020.11.30"]
[SourceQuality "1"]

1. c4 c5 2. Nc3 Nc6 3. g3 g6 4. Bg2 Bg7 5. d3 Nf6 6. e4 0-0 7. Nge2 a6 8. 0-0 Rb8 9. Be3 d6 10. Rb1 b5 11. b3 b4 12. Nd5 Ng4 13. Bc1 e6 14. Ne3 Nf6 15. f4 Qb6 16. g4 Nd4 17. f5 exf5 18. gxf5 Bb7 19. Nxd4 cxd4 20. Ng4 Nxg4 21. Qxg4 Bc8 22. Qf4 f6 23. fxg6 hxg6 24. Qg3 g5 25. Bh3 Qa5 26. Bxc8 Rbxc8 27. Rb2 Qe5 28. Qh3 Rc5 29. Rf5 Qe8 30. Rbf2 Kf7 31. Qh5+ Ke6 32. Qxe8+ Rxe8 33. Bb2 Rb8 34. Kg2 Rxf5 35. Bxd4 1-0

[Event "Ricany op"]
[Site "Ricany"]
[Date "2020.08.28"]
[Round "8"]
[White "Hadrava, Jaroslav"]
[Black "Holub, Adam"]
[Result "1-0"]
[WhiteElo "1883"]
[BlackElo "1746"]
[PlyCount "133"]
[EventDate "2020.08.22"]
[EventType "swiss"]
[EventRounds "9"]
[EventCountry "CZE"]
[SourceTitle "CBM 198 Extra"]
[Source "ChessBase"]
[SourceDate "2020.11.30"]
[SourceVersion "1"]
[SourceVersionDate "2020.11.30"]
[SourceQuality "1"]

1. e4 c5 2. Nf3 Nc6 3. Bb5 g6 4. 0-0 Bg7 5. Re1 e5 6. Nc3 d6 7. Nd5 a6 8. Bf1 Nge7 9. c3 0-0 10. h3 Be6 11. Ne3 h6 12. Nc2 Qb6 13. c4 Rae8 14. d3 f5 15. Rb1 Qc7 16. b4 b6 17. b5 axb5 18. Rxb5 f4 19. Nh2 g5 20. f3 h5 21. Be2 Ng6 22. Rf1 Rb8 23. Rf2 Bd7 24. Rb1 Ra8 25. a3 Na5 26. Na1 Ne7 27. Bf1 Nec6 28. Nb3 Rfb8 29. Rfb2 Nxb3 30. Qxb3 Nd4 31. Qc3 Kh7 32. Kh1 Bf6 33. Be2 Ra6 34. Bd1 Ba4 35. Bxa4 Rxa4 36. Ra2 Bd8 37. Nf1 Qd7 38. Qe1 Rba8 39. Qd1 Bc7 40. Bb2 Ne6 41. Rba1 Nd8 42. Nd2 Ne6 43. Nb1 Bd8 44. Nc3 R4a6 45. Nd5 Nc7 46. Nc3 b5 47. cxb5 Nxb5 48. a4 Nxc3 49. Bxc3 Ba5 50. Bxa5 Rxa5 51. Qb3 Kg6 52. Qd1 Rb8 53. Ra3 Rb4 54. Kh2 Qb7 55. Qe1 Qd7 56. d4 Raxa4 57. dxc5 dxc5 58. Rd1 Rd4 59. Rxa4 Qxa4 60. Ra1 Qb5 61. Ra5 Qb4 62. Ra6+ Kf7 63. Qa1 Qb8 64. Ra7+ Ke6 65. Qa6+ Qd6 66. Qc8+ Kf6 67. Qf5# 1-0

[Event "Prague Golden rap op 15th"]
[Site "Prague"]
[Date "2019.06.30"]
[Round "1"]
[White "Rehak, Martin"]
[Black "Holub, Adam"]
[Result "1-0"]
[WhiteElo "2071"]
[BlackElo "1433"]
[PlyCount "106"]
[EventDate "2019.06.30"]
[EventType "swiss (rapid)"]
[EventRounds "7"]
[EventCountry "CZE"]
[SourceTitle "CBM 191 Extra"]
[Source "ChessBase"]
[SourceDate "2019.09.30"]
[SourceVersion "1"]
[SourceVersionDate "2019.09.30"]
[SourceQuality "1"]

1. e4 c5 2. Nc3 Nc6 3. g3 d6 4. Bg2 g6 5. d3 Bg7 6. Be3 Nf6 7. h3 0-0 8. Nge2 a6 9. a4 Rb8 10. 0-0 b5 11. axb5 axb5 12. Qd2 Bd7 13. Bh6 b4 14. Nd1 Qc8 15. g4 Rd8 16. Bxg7 Kxg7 17. c3 h5 18. g5 Ne8 19. h4 Bh3 20. f3 Nc7 21. Nf4 Bxg2 22. Kxg2 Ne6 23. Nxe6+ Qxe6 24. Ne3 bxc3 25. bxc3 Rb7 26. d4 cxd4 27. cxd4 Qb3 28. Rac1 Na7 29. Nd5 e6 30. Nc3 Rdb8 31. Qf4 Qa3 32. Kg3 Nc8 33. Ne2 Ne7 34. Rc2 d5 35. Kf2 dxe4 36. fxe4 Rb2 37. Rfc1 Rxc2 38. Rxc2 Rb2 39. Rxb2 Qxb2 40. Qf6+ Kf8 41. d5 Qxf6+ 42. gxf6 Ng8 43. e5 exd5 44. Ke3 Ke8 45. Kd4 Kd7 46. Kxd5 Nh6 47. Nf4 Nf5 48. Nxg6 fxg6 49. e6+ Ke8 50. Ke5 Nxh4 51. e7 Kf7 52. Kd6 Nf5+ 53. Kd7 Kxf6 1-0

[Event "Prague Golden rap op 15th"]
[Site "Prague"]
[Date "2019.06.30"]
[Round "3"]
[White "Zvacek, Antonin"]
[Black "Holub, Adam"]
[Result "0-1"]
[WhiteElo "1900"]
[BlackElo "1433"]
[PlyCount "78"]
[EventDate "2019.06.30"]
[EventType "swiss (rapid)"]
[EventRounds "7"]
[EventCountry "CZE"]
[SourceTitle "CBM 191 Extra"]
[Source "ChessBase"]
[SourceDate "2019.09.30"]
[SourceVersion "1"]
[SourceVersionDate "2019.09.30"]
[SourceQuality "1"]

1. e4 c5 2. Nc3 Nc6 3. g3 d6 4. Bg2 g6 5. d3 Bg7 6. Be3 Nf6 7. h3 0-0 8. Qd2 Rb8 9. Nge2 a6 10. f4 Bd7 11. 0-0 b5 12. e5 dxe5 13. Bxc5 exf4 14. Nxf4 Re8 15. Rae1 e6 16. a3 Qc7 17. b4 Bc8 18. g4 Bb7 19. Nce2 Rbd8 20. d4 Nd7 21. c3 Nxc5 22. bxc5 Rd7 23. Kh1 Rdd8 24. Nd3 Na5 25. Qf4 Qxf4 26. Ndxf4 Bxg2+ 27. Kxg2 Nc4 28. Ng3 Nxa3 29. Ra1 Nc4 30. Rfb1 Ra8 31. Ne4 Red8 32. Ra2 e5 33. Ne2 exd4 34. cxd4 Bxd4 35. Kf3 Bg7 36. Rb3 f5 37. gxf5 gxf5 38. Ng5 Nd2+ 39. Rxd2 Rxd2 0-1

[Event "Prague-G"]
[Site "Prague"]
[Date "2019.03.11"]
[Round "4.3"]
[White "Holub, Adam"]
[Black "Chugunov, Arkadiy"]
[Result "1-0"]
[WhiteElo "1432"]
[BlackElo "1000"]
[PlyCount "37"]
[EventDate "2019.03.09"]
[EventType "tourn"]
[EventRounds "9"]
[EventCountry "CZE"]
[SourceTitle "CBM 189 Extra"]
[Source "ChessBase"]
[SourceDate "2019.06.03"]
[SourceVersion "1"]
[SourceVersionDate "2019.06.03"]
[SourceQuality "1"]

1. Nf3 d5 2. c4 dxc4 3. e3 Nc6 4. Bxc4 e5 5. Nc3 Nf6 6. 0-0 Bc5 7. a3 0-0 8. b4 Bb6 9. Na4 a5 10. Nxb6 cxb6 11. b5 Ne7 12. a4 h6 13. Ba3 Re8 14. Qb3 Rf8 15. Nxe5 Qe8 16. Bxe7 Qxe7 17. Ng6 Qc7 18. Nxf8 Ng4 19. g3 1-0